000
00279nam a2200145Ia 4500
100
_a
Lombardo
650
_a
Aircraft
942
_c
BK
366
_f
20
654
_a
Aircraft
245
_a
Aircraft systems
260
_b
#N/A
082
_b
LOM
546
_a
ENGLISH
_c
Info.Tech
999
_c
28103
_d
28103